000
00255nam a2200097Ia 4500
001
704267
005
20250826162407.0
008
250824s9999 xx 000 0 und d
245
0
_a
KAMELYALI KADIN
_c
ALEXANDRE DUMAS FILS
260
_b
ANTİK DÜNYA KLASİKLERİ
999
_c
704267
_d
704267